[Event "SRB-ch sf"]
[Site "Senta"]
[Date "2025.05.07"]
[Round "3"]
[White "Ciric, Pavle"]
[Black "Milanovic, Danilo"]
[Result "0-1"]
[WhiteElo "2296"]
[BlackElo "2419"]
[PlyCount "110"]
[EventDate "2025.05.05"]
[EventType "swiss"]
[EventRounds "9"]
[EventCountry "SRB"]
[SourceTitle "CB20_2025"]
[SourceDate "2025.05.14"]
[SourceVersion "1"]
[SourceVersionDate "2025.05.14"]
[SourceQuality "1"]

1. Nf3 Nf6 2. c4 c5 3. Nc3 b6 4. e3 g6 5. d4 Bg7 6. d5 0-0 7. e4 d6 8. h3 b5 9. cxb5 a6 10. bxa6 Qa5 11. Bd2 Bxa6 12. Bxa6 Qxa6 13. Qe2 Nbd7 14. Qxa6 Rxa6 15. 0-0 Rb8 16. Rab1 Ne8 17. b3 Nc7 18. Rfc1 Bxc3 19. Bxc3 Rxa2 20. b4 f6 21. bxc5 Rxb1 22. Rxb1 Nxc5 23. Nd2 Kf7 24. f3 N7a6 25. Rb2 Ra3 26. Bd4 Ra1+ 27. Rb1 Ra4 28. Bc3 Ra3 29. Bd4 Ra4 30. Bc3 Ra3 31. Bd4 Rd3 32. Bxc5 Nxc5 33. Rb2 Rc3 34. Kf1 Nd3 35. Rb1 Rc2 36. Nb3 Nf4 37. Nd4 Rd2 38. Nc6 Nxg2 39. Rb7 Nh4 40. Rxe7+ Kf8 41. Re6 Kg7 42. Rxd6 Nxf3 43. Re6 Ng5 44. Re7+ Kh6 45. h4 Nf3 46. Re6 Kh5 47. Rxf6 Kg4 48. h5 Kg3 49. Rxf3+ Kxf3 50. Ne5+ Kxe4 51. hxg6 hxg6 52. Nxg6 Rxd5 53. Ne7 Rd6 54. Ke2 Re6 55. Nc8 Kd5+ 0-1

[Event "SRB-ch sf"]
[Site "Senta"]
[Date "2025.05.07"]
[Round "4"]
[White "Milanovic, Danilo"]
[Black "Atalik, Suat"]
[Result "1/2-1/2"]
[WhiteElo "2419"]
[BlackElo "2422"]
[PlyCount "99"]
[EventDate "2025.05.05"]
[EventType "swiss"]
[EventRounds "9"]
[EventCountry "SRB"]
[SourceTitle "CB20_2025"]
[SourceDate "2025.05.14"]
[SourceVersion "1"]
[SourceVersionDate "2025.05.14"]
[SourceQuality "1"]

1. d4 d5 2. c4 c6 3. cxd5 cxd5 4. Bf4 Nf6 5. Nc3 Nc6 6. e3 Bf5 7. Qb3 Na5 8. Qa4+ Bd7 9. Qc2 Rc8 10. Bd3 e6 11. Nf3 Bb4 12. 0-0 h6 13. h3 0-0 14. Rac1 a6 15. Qe2 Bxc3 16. bxc3 Bb5 17. Bxb5 axb5 18. Nd2 Nc4 19. Nb3 b6 20. Bh2 Ra8 21. f3 Ra4 22. Rc2 Qa8 23. Re1 Rc8 24. e4 Qc6 25. e5 Nd7 26. Bf4 Nf8 27. Bc1 Na5 28. Nxa5 bxa5 29. Bd2 Qc4 30. Qxc4 Rcxc4 31. Rb2 b4 32. cxb4 axb4 33. Reb1 Rxd4 34. Bxb4 Ng6 35. Bd6 Rd3 36. Kh2 Re3 37. a3 Nxe5 38. Rb8+ Kh7 39. R1b7 Ra6 40. Bxe5 Rxe5 41. Rxf7 Rxa3 42. Rbb7 Rg5 43. h4 Rg6 44. h5 Rg5 45. g4 Ra8 46. Kg3 e5 47. Rbd7 Kg8 48. Rfe7 Kf8 49. Rf7+ Kg8 50. Rfe7 1/2-1/2

[Event "SRB-chT Premier"]
[Site "Bajina Basta"]
[Date "2024.10.01"]
[Round "5.3"]
[White "Milanovic, Danilo"]
[Black "Nenezic, Marko"]
[Result "0-1"]
[WhiteElo "2442"]
[BlackElo "2492"]
[PlyCount "80"]
[EventDate "2024.09.27"]
[EventType "team-tourn"]
[EventRounds "11"]
[EventCountry "SRB"]
[SourceTitle "EXT 2025"]
[Source "ChessBase"]
[SourceDate "2024.10.14"]
[SourceVersion "1"]
[SourceVersionDate "2024.10.14"]
[SourceQuality "1"]
[WhiteTeam "Kostolac Rudar"]
[BlackTeam "Pozega"]
[WhiteTeamCountry "SRB"]
[BlackTeamCountry "SRB"]

1. d4 f5 2. c4 Nf6 3. Nc3 d6 4. Bg5 Nbd7 5. e3 g6 6. Bd3 Bg7 7. Nge2 e5 8. f3 0-0 9. 0-0 Kh8 10. Qe1 c6 11. Qh4 Qe8 12. g4 Ng8 13. Rae1 Ndf6 14. c5 dxc5 15. dxe5 Qxe5 16. Nf4 Ne7 17. gxf5 Bxf5 18. e4 Bd7 19. Bb1 c4 20. Kh1 Rae8 21. Rg1 Nfg8 22. a4 Rf7 23. Nce2 Ref8 24. Rd1 Bc8 25. Ba2 b5 26. b3 Qb2 27. Nc1 Be5 28. Nfe2 Rxf3 29. Bxe7 Rh3 30. Qxh3 Bxh3 31. Bxf8 Qc2 32. Ng3 Bg2+ 33. Rxg2 Qxd1+ 34. Rg1 Qf3+ 35. Rg2 Qxf8 36. axb5 Bxg3 37. Rxg3 Qf1+ 38. Rg1 Qf3+ 39. Rg2 cxb5 40. bxc4 Nf6 0-1

[Event "Timisoara Foisor Memorial Rapid"]
[Site "Timisoara"]
[Date "2024.08.04"]
[Round "5"]
[White "Deac, Bogdan Daniel"]
[Black "Milanovic, Danilo"]
[Result "1-0"]
[WhiteElo "2683"]
[BlackElo "2442"]
[PlyCount "75"]
[EventDate "2024.08.03"]
[EventType "swiss (rapid)"]
[EventRounds "9"]
[EventCountry "ROU"]
[SourceTitle "CBM 221 Extra"]
[Source "ChessBase"]
[SourceDate "2024.09.30"]
[SourceVersion "1"]
[SourceVersionDate "2024.09.30"]
[SourceQuality "1"]

1. d4 Nf6 2. c4 c5 3. d5 b5 4. cxb5 a6 5. e3 axb5 6. Bxb5 Ba6 7. Bxa6 Qa5+ 8. Nc3 Nxa6 9. Nf3 g6 10. 0-0 Bg7 11. e4 d6 12. e5 dxe5 13. Nxe5 0-0 14. Re1 Qc7 15. Bf4 Qb7 16. Qf3 Nb4 17. Nc6 e6 18. Bd6 Rfe8 19. Bxc5 Nbxd5 20. Ne7+ Rxe7 21. Bxe7 Qxe7 22. Nxd5 Nxd5 23. Qxd5 Rb8 24. Rab1 Qa7 25. Qc4 Bd4 26. Re2 e5 27. b4 Qa4 28. h3 Rb6 29. Kh2 Rf6 30. Qc2 Qa7 31. f3 Be3 32. b5 Kg7 33. Kh1 h5 34. Qb3 Bd4 35. a4 Re6 36. Qb4 Bc5 37. Qe1 Bd4 38. a5 1-0

[Event "Timisoara Foisor Memorial Rapid"]
[Site "Timisoara"]
[Date "2024.08.03"]
[Round "1"]
[White "Milanovic, Danilo"]
[Black "Bartha, Andrei"]
[Result "1-0"]
[WhiteElo "2442"]
[BlackElo "1828"]
[PlyCount "81"]
[EventDate "2024.08.03"]
[EventType "swiss (rapid)"]
[EventRounds "9"]
[EventCountry "ROU"]
[SourceTitle "CBM 221 Extra"]
[Source "ChessBase"]
[SourceDate "2024.09.30"]
[SourceVersion "1"]
[SourceVersionDate "2024.09.30"]
[SourceQuality "1"]

1. d4 Nf6 2. c4 g6 3. Nc3 d5 4. Bf4 Bg7 5. e3 0-0 6. Rc1 c5 7. dxc5 Qa5 8. cxd5 Ne4 9. Nge2 Rd8 10. f3 Nxc5 11. a3 Ne6 12. Bg3 Na6 13. e4 Nf8 14. Nd4 Bd7 15. Be2 Rac8 16. Bf2 e6 17. 0-0 exd5 18. Nxd5 Rxc1 19. Qxc1 Ne6 20. Nxe6 Bxe6 21. Bxa7 Bxd5 22. exd5 Nc7 23. Bf2 Nxd5 24. b4 Qa4 25. Rd1 Qe8 26. Qc4 Nc3 27. Rxd8 Nxe2+ 28. Qxe2 Qxd8 29. g3 h5 30. Kg2 Qd5 31. a4 Bf8 32. b5 Bb4 33. Qe4 Qb3 34. Qxb7 Qxa4 35. b6 Qa2 36. Qc8+ Kg7 37. b7 Be1 38. b8Q Qxf2+ 39. Kh3 Qf1+ 40. Kh4 Qe2 41. Qh8# 1-0

[Event "FRM-chT2"]
[Site "Struga"]
[Date "2024.07.09"]
[Round "3.1"]
[White "Milanovic, Danilo"]
[Black "Micov, Vladimir"]
[Result "1-0"]
[WhiteElo "2438"]
[BlackElo "2233"]
[PlyCount "103"]
[EventDate "2024.07.07"]
[EventType "team-tourn"]
[EventRounds "9"]
[EventCountry "MKD"]
[SourceTitle "EXT 2025"]
[Source "ChessBase"]
[SourceDate "2024.10.14"]
[SourceVersion "1"]
[SourceVersionDate "2024.10.14"]
[SourceQuality "1"]

1. d4 d5 2. c4 e6 3. Nc3 Nf6 4. cxd5 exd5 5. Bg5 Be7 6. e3 0-0 7. Bd3 Re8 8. Nge2 Nbd7 9. 0-0 c6 10. Qc2 Nf8 11. Rad1 N6d7 12. Bf4 Nf6 13. h3 Nh5 14. Be5 g6 15. a3 Bd6 16. f4 Ng7 17. Ng3 f5 18. b4 a6 19. Qb3 Nge6 20. a4 b5 21. a5 Ra7 22. Nce2 Rf7 23. Kh2 Qe7 24. Rb1 Nd7 25. Ng1 Nf6 26. Nf3 Nd8 27. Ng5 Rff8 28. e4 fxe4 29. N3xe4 Nxe4 30. Nxe4 Bc7 31. Rbe1 Bxe5 32. dxe5 Qc7 33. Nf6+ Rxf6 34. exf6 Rxe1 35. Rxe1 Qxf4+ 36. Kh1 Qxf6 37. Rf1 Qd6 38. Bc2 Be6 39. Qf3 Bf7 40. Qg4 Ne6 41. h4 Qe5 42. Qf3 Nd8 43. Qf2 Qe7 44. h5 Ne6 45. hxg6 hxg6 46. Qg3 Kg7 47. Qe5+ Kg8 48. Rf6 Kh7 49. Bxg6+ Bxg6 50. Rxe6 Qh4+ 51. Qh2 Qxh2+ 52. Kxh2 1-0

[Event "FRM-chT2"]
[Site "Struga"]
[Date "2024.07.08"]
[Round "2.1"]
[White "Salihi, Shpend"]
[Black "Milanovic, Danilo"]
[Result "0-1"]
[WhiteElo "1971"]
[BlackElo "2438"]
[PlyCount "80"]
[EventDate "2024.07.07"]
[EventType "team-tourn"]
[EventRounds "9"]
[EventCountry "MKD"]
[SourceTitle "EXT 2025"]
[Source "ChessBase"]
[SourceDate "2024.10.14"]
[SourceVersion "1"]
[SourceVersionDate "2024.10.14"]
[SourceQuality "1"]

1. d4 Nf6 2. Nc3 c5 3. d5 g6 4. e4 d6 5. Bb5+ Bd7 6. Bxd7+ Nbxd7 7. Nf3 Bg7 8. Qe2 0-0 9. Bd2 a6 10. a4 b5 11. a5 Re8 12. 0-0 e6 13. dxe6 Rxe6 14. Ng5 Re7 15. f3 d5 16. Rae1 h6 17. Nh3 b4 18. Nd1 Qxa5 19. Qf2 dxe4 20. fxe4 Rae8 21. e5 Nxe5 22. Qg3 Qd8 23. Be3 Nc4 24. Bxc5 Rxe1 25. Rxe1 Ne4 26. Qf4 Nxc5 27. Rxe8+ Qxe8 28. Qxc4 Qe1+ 29. Qf1 Bd4+ 30. Nhf2 Qd2 31. g3 Qxc2 32. Kg2 Bxf2 33. Qxf2 b3 34. Ne3 Qxf2+ 35. Kxf2 Nd3+ 36. Ke2 Nxb2 37. Kd2 Na4 38. Kd3 Kg7 39. Nd5 a5 40. Ne7 Nc5+ 0-1

[Event "FRM-chT2"]
[Site "Struga"]
[Date "2024.07.07"]
[Round "1.1"]
[White "Milanovic, Danilo"]
[Black "Nolevski, Aleksandar"]
[Result "1-0"]
[WhiteElo "2438"]
[BlackElo "1966"]
[PlyCount "67"]
[EventDate "2024.07.07"]
[EventType "team-tourn"]
[EventRounds "9"]
[EventCountry "MKD"]
[SourceTitle "EXT 2025"]
[Source "ChessBase"]
[SourceDate "2024.10.14"]
[SourceVersion "1"]
[SourceVersionDate "2024.10.14"]
[SourceQuality "1"]

1. d4 Nf6 2. c4 g6 3. Nc3 Bg7 4. e4 d6 5. Bg5 Nc6 6. d5 Nb8 7. Be2 e5 8. dxe6 Bxe6 9. Nf3 Nc6 10. 0-0 h6 11. Bf4 g5 12. Bd2 Ne5 13. Nd4 Bd7 14. Nf5 Bxf5 15. exf5 Qd7 16. Qc2 0-0 17. Rad1 Qc6 18. b3 Rad8 19. Kh1 g4 20. Bf4 Rfe8 21. Nd5 Ned7 22. f3 Nxd5 23. Rxd5 Nf6 24. Rdd1 gxf3 25. Bxf3 Qc5 26. Qd3 b6 27. h3 Nd7 28. Bd5 c6 29. Qg3 Nf6 30. Bxh6 Nh5 31. Bxf7+ Kxf7 32. Qg6+ Kg8 33. Bxg7 Nxg7 34. f6 1-0

[Event "Cetinje Dragasevic Memorial"]
[Site "Cetinje"]
[Date "2024.06.28"]
[Round "8"]
[White "Milanovic, Danilo"]
[Black "Sukovic, Andrej"]
[Result "1-0"]
[WhiteElo "2438"]
[BlackElo "2350"]
[PlyCount "83"]
[EventDate "2024.06.22"]
[EventType "swiss"]
[EventRounds "9"]
[EventCountry "MNE"]
[SourceTitle "CBM 220 Extra"]
[Source "ChessBase"]
[SourceDate "2024.07.31"]
[SourceVersion "1"]
[SourceVersionDate "2024.07.31"]
[SourceQuality "1"]

1. d4 e6 2. c4 Nf6 3. Nc3 Bb4 4. e3 0-0 5. Bd3 Re8 6. Nge2 d5 7. cxd5 exd5 8. 0-0 Nbd7 9. Qb3 Bd6 10. f3 c5 11. Qc2 a6 12. Bd2 Qc7 13. h3 g6 14. Qd1 b5 15. a3 Nb6 16. b4 cxd4 17. exd4 Nh5 18. Rc1 Qb8 19. Rf2 Ra7 20. g4 Nf4 21. Nxf4 Bxf4 22. Ne2 Bd6 23. Bg5 Rd7 24. Rc3 Bb7 25. f4 Be7 26. Bxe7 Rdxe7 27. f5 Re3 28. Qc1 Na4 29. fxg6 hxg6 30. Rc7 R3e7 31. Rxe7 Rxe7 32. Qg5 Qd6 33. Nf4 Nc3 34. Nh5 Re1+ 35. Kg2 Ne4 36. Nf6+ Kf8 37. Bxe4 dxe4 38. d5 e3 39. Rf4 Rd1 40. Qh6+ Ke7 41. Re4+ Kxf6 42. Qh8+ 1-0

[Event "Cetinje Dragasevic Memorial"]
[Site "Cetinje"]
[Date "2024.06.22"]
[Round "1"]
[White "Pogorelskikh, Sergey"]
[Black "Milanovic, Danilo"]
[Result "0-1"]
[WhiteElo "2196"]
[BlackElo "2438"]
[PlyCount "76"]
[EventDate "2024.06.22"]
[EventType "swiss"]
[EventRounds "9"]
[EventCountry "MNE"]
[SourceTitle "CBM 220 Extra"]
[Source "ChessBase"]
[SourceDate "2024.07.31"]
[SourceVersion "1"]
[SourceVersionDate "2024.07.31"]
[SourceQuality "1"]

1. e4 d5 2. exd5 Qxd5 3. Nc3 Qd6 4. d4 Nf6 5. Nf3 g6 6. Nb5 Qb6 7. a4 c6 8. Na3 Bg7 9. Nc4 Qd8 10. Be2 0-0 11. 0-0 Nbd7 12. a5 Nd5 13. Re1 c5 14. c3 h6 15. Bf1 cxd4 16. Nxd4 Nc5 17. a6 e6 18. axb7 Bxb7 19. Na5 Qb6 20. Ndb3 Nxb3 21. Qxb3 Ba6 22. c4 Ne7 23. Qa3 Qc7 24. Bd2 Rfe8 25. Bc3 e5 26. b4 Bc8 27. g3 Bd7 28. b5 Rac8 29. Nb3 Nf5 30. Rad1 Be6 31. Na5 Nd4 32. Bxd4 exd4 33. Nc6 a6 34. Nxd4 Bg4 35. Nf3 axb5 36. cxb5 Qb7 37. Rxe8+ Rxe8 38. Re1 Ra8 0-1

[Event "Oberliga Nord O 2324"]
[Site "Germany"]
[Date "2024.03.17"]
[Round "7.3"]
[White "Poltorak, Sebastian"]
[Black "Milanovic, Danilo"]
[Result "0-1"]
[WhiteElo "2362"]
[BlackElo "2424"]
[PlyCount "104"]
[EventDate "2023.10.22"]
[EventType "team-tourn"]
[EventRounds "9"]
[EventCountry "GER"]
[SourceTitle "EXT 2025"]
[Source "ChessBase"]
[SourceDate "2024.10.14"]
[SourceVersion "1"]
[SourceVersionDate "2024.10.14"]
[SourceQuality "1"]
[WhiteTeam "Berlin SF II"]
[BlackTeam "Berlin Empor"]
[WhiteTeamCountry "GER"]
[BlackTeamCountry "GER"]

1. e4 d5 2. exd5 Qxd5 3. Nc3 Qe5+ 4. Nge2 Nf6 5. d4 Qa5 6. g3 c6 7. Bg2 Bf5 8. 0-0 e6 9. Bd2 Qd8 10. h3 h6 11. Be3 Bd6 12. Qd2 0-0 13. g4 Bh7 14. Ng3 Nbd7 15. Rad1 Qc7 16. f4 Nb6 17. Qf2 Nbd5 18. Nge4 Nxe4 19. Nxe4 Bxe4 20. Bxe4 f5 21. gxf5 Nxe3 22. Qxe3 exf5 23. Bd3 Rae8 24. Qf2 c5 25. c3 c4 26. Bb1 g6 27. Qf3 Re7 28. Rd2 Kf7 29. h4 h5 30. Rg2 Re6 31. Kh1 Qe7 32. Rg5 Re1 33. Kg2 Qe2+ 34. Qxe2 Rxe2+ 35. Rf2 Rfe8 36. Rg3 Bxf4 37. Rgf3 Bc1 38. b3 cxb3 39. axb3 Kg7 40. c4 Bb2 41. Rf4 Bc3 42. d5 b6 43. c5 bxc5 44. Bd3 R2e3 45. Bb5 Rb8 46. Ba4 Be5 47. Rc4 Bd6 48. Ra2 Kf6 49. Kf2 Rd3 50. Ke2 Rxd5 51. Rd2 Rxd2+ 52. Kxd2 Rb4 0-1

[Event "AUT-chT 2324"]
[Site "Austria"]
[Date "2023.11.24"]
[Round "3.4"]
[White "Lanka, Zigurds"]
[Black "Milanovic, Danilo"]
[Result "0-1"]
[WhiteElo "2371"]
[BlackElo "2428"]
[PlyCount "118"]
[EventDate "2023.11.22"]
[EventType "team-tourn"]
[EventRounds "11"]
[EventCountry "AUT"]
[SourceTitle "CBM 217 Extra"]
[Source "ChessBase"]
[SourceDate "2024.01.31"]
[SourceVersion "1"]
[SourceVersionDate "2024.01.31"]
[SourceQuality "1"]
[WhiteTeam "Mayrhofen/Zell/Zillertal"]
[BlackTeam "Pinggau Friedberg"]
[WhiteTeamCountry "AUT"]
[BlackTeamCountry "AUT"]

1. Nf3 Nf6 2. c4 c5 3. g3 Nc6 4. Bg2 d6 5. Nc3 g6 6. d4 cxd4 7. Nxd4 Bd7 8. Nxc6 Bxc6 9. e4 Bg7 10. Bd2 0-0 11. 0-0 Qb6 12. b3 Rfc8 13. Rc1 Qd8 14. Qe2 a6 15. Nd5 Nd7 16. Bg5 Bxd5 17. exd5 Bf6 18. h4 Qc7 19. Be3 a5 20. Be4 Nc5 21. Bc2 Re8 22. h5 e6 23. dxe6 Rxe6 24. Qg4 Rae8 25. Rcd1 Bg7 26. Bd4 Re4 27. Bxe4 Rxe4 28. Qf3 Rxd4 29. Rxd4 Bxd4 30. Qd5 Ne6 31. Kh2 Bc5 32. f4 Qc6 33. Qd3 Nd4 34. a3 Nf5 35. Re1 Nh6 36. Qe2 Qd7 37. Qe8+ Qxe8 38. Rxe8+ Kg7 39. Kh3 gxh5 40. Rb8 b6 41. b4 axb4 42. axb4 Bxb4 43. Rxb6 Bc5 44. Rb8 Nf5 45. Re8 Ne3 46. Kh4 Nf5+ 47. Kh3 Bf2 48. g4 hxg4+ 49. Kxg4 Kf6 50. Rh8 h6 51. Kf3 Bc5 52. Ke4 Kg7 53. Re8 Ne3 54. Kd3 h5 55. Ra8 h4 56. Ra1 Kg6 57. Rh1 Kh5 58. Rg1 Ng4 59. Re1 h3 0-1

[Event "Oberliga Nord O 2324"]
[Site "Germany"]
[Date "2023.10.22"]
[Round "1.3"]
[White "Mueller, Nick"]
[Black "Milanovic, Danilo"]
[Result "0-1"]
[WhiteElo "2361"]
[BlackElo "2424"]
[PlyCount "176"]
[EventDate "2023.10.22"]
[EventType "team-tourn"]
[EventRounds "9"]
[EventCountry "GER"]
[SourceTitle "EXT 2025"]
[Source "ChessBase"]
[SourceDate "2024.10.14"]
[SourceVersion "1"]
[SourceVersionDate "2024.10.14"]
[SourceQuality "1"]
[WhiteTeam "Koenig Tegel"]
[BlackTeam "Berlin Empor"]
[WhiteTeamCountry "GER"]
[BlackTeamCountry "GER"]

1. e4 d5 2. exd5 Qxd5 3. Nc3 Qd6 4. d4 c6 5. Ne4 Qe6 6. Qe2 Nf6 7. f3 Qd5 8. Bd2 Bf5 9. c4 Qe6 10. Nh3 Nxe4 11. Nf4 Qd7 12. fxe4 Bg4 13. Qf2 e5 14. h3 exf4 15. hxg4 c5 16. d5 Bd6 17. Bc3 f6 18. g5 Qe7 19. gxf6 gxf6 20. 0-0-0 Nd7 21. Be2 Qxe4 22. Rh3 0-0-0 23. Bd3 Qe7 24. Rdh1 Rdg8 25. Rxh7 Rxh7 26. Rxh7 Rg7 27. Rh8+ Kc7 28. Bd2 Ne5 29. Be2 Ng6 30. Rh3 Rh7 31. Rxh7 Qxh7 32. Bd3 Qh4 33. Qxh4 Nxh4 34. Be4 f5 35. Bf3 Be5 36. b3 Kd6 37. Kd1 Ke7 38. d6+ Bxd6 39. Bxb7 Ng6 40. Ke2 Kd7 41. Bd5 Bc7 42. a3 a5 43. Be1 Bd8 44. Bc3 Bc7 45. b4 axb4 46. axb4 cxb4 47. Bxb4 Ne7 48. Kd3 Be5 49. Bf3 Ke6 50. Be1 Kd6 51. Bf2 Ke6 52. Bb7 Kd7 53. c5 Ng8 54. Kc4 Nf6 55. Be1 Bc7 56. Ba6 Ng4 57. Bb7 Ne3+ 58. Kb5 Ng4 59. Bd2 Nf6 60. Bb4 Ng4 61. Bf3 Nf6 62. Ka6 Kc8 63. Bc6 Ng4 64. Kb5 Nf6 65. Kc4 Kd8 66. Be1 Ke7 67. Bh4 Ke6 68. Bf2 Ke7 69. Bd4 Ng4 70. Bf3 Ke6 71. Bd5+ Ke7 72. Bf3 Ke6 73. Kb5 Kd7 74. Ka6 Kc8 75. Bd5 Ne3 76. Bb7+ Kd7 77. Kb5 Ng4 78. Bc6+ Kd8 79. Bd5 Kd7 80. Bf3 Ne3 81. Ka6 Kc8 82. Bf6 Ng4 83. Bg5 Kb8 84. Kb5 Kc8 85. Kc6 Ne3 86. g3 Nc2 87. Bf6 fxg3 88. Bd5 Nb4+ 0-1

[Event "CRO-chT1B 31st"]
[Site "Veli Losinj"]
[Date "2023.10.14"]
[Round "4.4"]
[White "Milanovic, Danilo"]
[Black "Skoberne, Jure"]
[Result "1-0"]
[WhiteElo "2395"]
[BlackElo "2538"]
[PlyCount "79"]
[EventDate "2023.10.11"]
[EventType "team-tourn"]
[EventRounds "9"]
[EventCountry "CRO"]
[SourceTitle "EXT 2025"]
[Source "ChessBase"]
[SourceDate "2024.10.14"]
[SourceVersion "1"]
[SourceVersionDate "2024.10.14"]
[SourceQuality "1"]
[WhiteTeam "Vinkovci"]
[BlackTeam "Zagreb Mladost"]
[WhiteTeamCountry "CRO"]
[BlackTeamCountry "CRO"]

1. d4 Nf6 2. c4 d6 3. Nc3 e5 4. Nf3 exd4 5. Nxd4 g6 6. e4 Bg7 7. Be2 0-0 8. 0-0 Re8 9. f3 c6 10. Kh1 h6 11. Nc2 a6 12. Be3 d5 13. cxd5 cxd5 14. Qc1 dxe4 15. Bxh6 Nc6 16. fxe4 Nxe4 17. Bc4 Be6 18. Nxe4 Bxc4 19. Bg5 Qd3 20. Nf6+ Bxf6 21. Rxf6 Ne5 22. Rf4 Bd5 23. Nb4 Bxg2+ 24. Kxg2 Qe2+ 25. Kg3 Nd3 26. Qf1 Nxf4 27. Bxf4 Qe4 28. Nd3 Rad8 29. Nf2 Qf5 30. Rd1 g5 31. Bc1 Qe5+ 32. Kg2 Rd5 33. Rd3 Rc5 34. Bxg5 Qg7 35. h4 f6 36. Ng4 fxg5 37. Nf6+ Kh8 38. Nxe8 Rc2+ 39. Kh1 Qe7 40. Re3 1-0

[Event "Belgrade-chT Premier"]
[Site "Belgrade"]
[Date "2023.10.03"]
[Round "7.1"]
[White "Jakovljevic, Vlado"]
[Black "Milanovic, Danilo"]
[Result "1/2-1/2"]
[WhiteElo "2377"]
[BlackElo "2395"]
[PlyCount "20"]
[EventDate "2023.09.29"]
[EventType "team-tourn"]
[EventRounds "11"]
[EventCountry "SRB"]
[SourceTitle "CBM 216 Extra"]
[Source "ChessBase"]
[SourceDate "2023.11.30"]
[SourceVersion "1"]
[SourceVersionDate "2023.11.30"]
[SourceQuality "1"]
[WhiteTeam "Belgrade Partizan"]
[BlackTeam "Lila Ma Mladenovac"]
[WhiteTeamCountry "SRB"]
[BlackTeamCountry "SRB"]

1. Nf3 Nf6 2. b3 c5 3. Bb2 b6 4. g3 Bb7 5. Bg2 g6 6. 0-0 Bg7 7. c4 0-0 8. Nc3 d6 9. d4 cxd4 10. Nxd4 Bxg2 1/2-1/2

[Event "Belgrade-chT Premier"]
[Site "Belgrade"]
[Date "2023.10.01"]
[Round "5.3"]
[White "Bryakin, Mikhail"]
[Black "Milanovic, Danilo"]
[Result "1/2-1/2"]
[WhiteElo "2481"]
[BlackElo "2395"]
[PlyCount "279"]
[EventDate "2023.09.29"]
[EventType "team-tourn"]
[EventRounds "11"]
[EventCountry "SRB"]
[SourceTitle "CBM 216 Extra"]
[Source "ChessBase"]
[SourceDate "2023.11.30"]
[SourceVersion "1"]
[SourceVersionDate "2023.11.30"]
[SourceQuality "1"]
[WhiteTeam "Belgrade Turbina"]
[BlackTeam "Lila Ma Mladenovac"]
[WhiteTeamCountry "SRB"]
[BlackTeamCountry "SRB"]

1. d4 Nf6 2. c4 c5 3. d5 b5 4. cxb5 a6 5. e3 axb5 6. Bxb5 Ba6 7. Bxa6 Nxa6 8. Nc3 Qa5 9. Nf3 g6 10. 0-0 Bg7 11. e4 d6 12. e5 dxe5 13. Nxe5 0-0 14. Nc6 Qc7 15. Qf3 Rfe8 16. Bf4 Qb7 17. Rab1 Rac8 18. a3 c4 19. Rfe1 Nc5 20. Nb4 Nfd7 21. h3 Nb3 22. Rbd1 Nd4 23. Qg3 Nf5 24. Qg4 Nd4 25. Bg5 h5 26. Qh4 Nf5 27. Qe4 Nc5 28. Qb1 e5 29. Ne4 Nxe4 30. Qxe4 Nd6 31. Qc2 Rc5 32. Be3 Rb5 33. Bd2 e4 34. Bf4 Be5 35. Qd2 Qd7 36. Re2 Qf5 37. Bxe5 Qxe5 38. Nc6 Qf6 39. Rde1 Ra8 40. Rc1 Rb3 41. Qd4 Qxd4 42. Nxd4 Rd3 43. Nc6 Kg7 44. Ne5 Rd4 45. Rec2 Ra4 46. f3 exf3 47. Nxf3 Rxd5 48. Rd2 Rxd2 49. Nxd2 Kf6 50. Kf2 Ke5 51. Nb1 Ra7 52. Nc3 Rb7 53. Re1+ Kd4 54. Rd1+ Kc5 55. Ke3 Kc6 56. Rd2 Re7+ 57. Kd4 h4 58. Re2 Rb7 59. Na2 Rb3 60. Nb4+ Kd7 61. Nd5 Kc6 62. Nb4+ Kd7 63. Nd5 Kc6 64. Nc3 Rb7 65. Rf2 f5 66. Re2 g5 67. Na2 Rb3 68. Nb4+ Kd7 69. Nd5 Kc6 70. Ne3 Rd3+ 71. Ke5 f4 72. Nc2 Kd7 73. Ne1 Rg3 74. Nf3 c3 75. bxc3 Nc4+ 76. Kf6 Ne3 77. Rd2+ Kc6 78. Nxg5 Nxg2 79. Rf2 Ne3 80. Rf3 Rg1 81. Ke5 Rxg5+ 82. Kxf4 Ra5 83. Rxe3 Rxa3 84. Rd3 Kc5 85. Kg4 Ra4+ 86. Rd4 Ra3 87. Rd3 Ra4+ 88. Kg5 Rc4 89. Kf5 Kc6 90. Ke5 Rc5+ 91. Kd4 Rd5+ 92. Ke4 Rg5 93. Rf3 Rg1 94. Kd4 Rd1+ 95. Kc4 Rh1 96. Rd3 Rh2 97. Kd4 Rh1 98. Rf3 Rd1+ 99. Ke3 Rc1 100. Kd4 Rd1+ 101. Rd3 Re1 102. Kc4 Rh1 103. Rf3 Kd6 104. Kd4 Kc6 105. Ke4 Re1+ 106. Kf5 Rg1 107. c4 Rg3 108. Kf4 Rg1 109. Ke5 Rg3 110. Kf4 Rg1 111. Ke4 Kc5 112. Rf4 Kxc4 113. Rxh4 Re1+ 114. Kf5+ Kd5 115. Rf4 Re8 116. Ra4 Rf8+ 117. Kg6 Rg8+ 118. Kf7 Rg1 119. Rg4 Rf1+ 120. Kg7 Ke6 121. h4 Rf7+ 122. Kg6 Rf6+ 123. Kg7 Rf7+ 124. Kg8 Rf1 125. Rg5 Kf6 126. Rg4 Rh1 127. Kh7 Rh2 128. Kh6 Kf7 129. h5 Rh1 130. Rg7+ Kf8 131. Rg5 Kf7 132. Kh7 Rf1 133. Ra5 Rf2 134. Ra7+ Kf8 135. Ra6 Kf7 136. h6 Rf1 137. Ra7+ Kf8 138. Rg7 Rf6 139. Rg2 Kf7 140. Rg1 1/2-1/2